Putting it simply (Record no. 75734)

MARC details
000 -LEADER
fixed length control field 00757cab a2200181 4500
001 - CONTROL NUMBER
control field L130620
008 - FIXED-LENGTH DATA ELEMENTS--GENERAL INFORMATION
fixed length control field 050818n2005 000 0 eng u
035 ## - SYSTEM CONTROL NUMBER
System control number (Sirsi) u130620
041 ## - LANGUAGE CODE
Language code of text/sound track or separate title eng
100 ## - MAIN ENTRY--PERSONAL NAME
Personal name Redman, Nicholas
245 ## - TITLE STATEMENT
Title Putting it simply
260 ## - PUBLICATION, DISTRIBUTION, ETC.
Date of publication, distribution, etc. 2005
490 ## - SERIES STATEMENT
Series statement Property Week
Volume/sequential designation 70(31) 12 August 2005, 56-57(2)
520 ## - SUMMARY, ETC.
Summary, etc. Discusses the new land registration rules that will come into effect on the 19 June 2006, which will require key lease information to be listed on the front of the document in the form of a table. This will be compulsory for all registered leases. Mentions what should be contained in the list.
590 ## - LOCAL NOTE (RLIN)
Local note IKA300805
690 ## - LOCAL SUBJECT ADDED ENTRY--TOPICAL TERM (OCLC, RLIN)
Topical term or geographic name as entry element PROPERTY-LEASEHOLD PROPERTY-LANDLORD AND TENANT-LEASES
942 ## - ADDED ENTRY ELEMENTS (KOHA)
Suppress in OPAC 0
Holdings
Withdrawn status Lost status Source of classification or shelving scheme Damaged status Not for loan Home library Current library Shelving location Date acquired Total Checkouts Full call number Barcode Date last seen Copy number Price effective from Koha item type
    Dewey Decimal Classification     London London Journal article 18/08/2005   L130620 130620-1001 06/08/2019 1 06/08/2019 Journal article